[Event "Hyderabad op 3rd"]
[Site "Hyderabad"]
[Date "2019.08.23"]
[Round "5"]
[White "Surendran, N."]
[Black "Md Abzid, Rahman"]
[Result "0-1"]
[WhiteElo "2152"]
[BlackElo "1861"]
[PlyCount "72"]
[EventDate "2019.08.20"]
[EventType "swiss"]
[EventRounds "10"]
[EventCountry "IND"]
[SourceTitle "EXT 2020"]
[Source "ChessBase"]
[SourceDate "2019.10.17"]
[SourceVersion "1"]
[SourceVersionDate "2019.10.17"]
[SourceQuality "1"]

1. c4 Nf6 2. Nc3 c6 3. d4 d5 4. e3 e6 5. Nf3 Nbd7 6. Qc2 Be7 7. Bd3 0-0 8. 0-0 b6 9. b3 Bb7 10. Bb2 c5 11. cxd5 exd5 12. Rad1 Rc8 13. dxc5 Nxc5 14. Bf5 Ne6 15. e4 d4 16. Bxe6 Bxe4 17. Qe2 Bxf3 18. Qxf3 fxe6 19. Qe2 Qd7 20. Ne4 e5 21. f4 Nxe4 22. Qxe4 Rxf4 23. Rxf4 exf4 24. Kh1 Bf6 25. h3 Qd6 26. Rf1 Qe5 27. Rxf4 Qxe4 28. Rxe4 d3 29. Bxf6 d2 30. Rd4 Rc1+ 31. Kh2 d1Q 32. Rxd1 Rxd1 33. Be5 Rd2 34. a4 Rd3 35. Bb8 a6 36. b4 Rd4 0-1

[Event "Hyderabad op 3rd"]
[Site "Hyderabad"]
[Date "2019.08.22"]
[Round "4"]
[White "Tukhaev, Adam"]
[Black "Surendran, N."]
[Result "1-0"]
[WhiteElo "2541"]
[BlackElo "2152"]
[PlyCount "91"]
[EventDate "2019.08.20"]
[EventType "swiss"]
[EventRounds "10"]
[EventCountry "IND"]
[SourceTitle "EXT 2020"]
[Source "ChessBase"]
[SourceDate "2019.10.17"]
[SourceVersion "1"]
[SourceVersionDate "2019.10.17"]
[SourceQuality "1"]

1. e4 c5 2. Nf3 d6 3. d4 cxd4 4. Nxd4 Nf6 5. Nc3 a6 6. h3 e6 7. g4 Be7 8. g5 Nfd7 9. h4 b5 10. Bh3 b4 11. Nce2 Nc5 12. a3 bxa3 13. b4 Na4 14. Rxa3 Nb6 15. 0-0 g6 16. Rc3 Bd7 17. Ng3 Ra7 18. Be3 Rb7 19. Qa1 0-0 20. Nde2 e5 21. Bxd7 Qxd7 22. Rd1 Rc8 23. Bxb6 Rxb6 24. Rxc8+ Qxc8 25. Nc3 Rc6 26. Nd5 Bd8 27. Qa4 Nd7 28. Ne3 Nf8 29. c4 Bb6 30. Nd5 Bd8 31. Ra1 Ne6 32. b5 Rxc4 33. Qxa6 Qd7 34. b6 Rc2 35. Qa7 Qb5 36. Qa4 Qc5 37. Qe8+ Kg7 38. Ne3 Rc1+ 39. Kh2 Bxg5 40. hxg5 Nxg5 41. Ra8 Nf3+ 42. Kg2 Ne1+ 43. Kh3 Nd3 44. Ngf5+ gxf5 45. Nxf5+ Kg6 46. Qg8+ 1-0

[Event "Madurai Athens of the East op 1st"]
[Site "Madurai"]
[Date "2019.08.18"]
[Round "10"]
[White "Sahoo, Utkal Ranjan"]
[Black "Surendran, N."]
[Result "1-0"]
[WhiteElo "2278"]
[BlackElo "2152"]
[PlyCount "51"]
[EventDate "2019.08.11"]
[EventType "swiss"]
[EventRounds "10"]
[EventCountry "IND"]
[SourceTitle "CBM 191 Extra"]
[Source "ChessBase"]
[SourceDate "2019.09.30"]
[SourceVersion "1"]
[SourceVersionDate "2019.09.30"]
[SourceQuality "1"]

1. e4 c5 2. Nf3 d6 3. Bb5+ Nd7 4. d4 cxd4 5. Qxd4 a6 6. Bxd7+ Bxd7 7. c4 e5 8. Qd3 h6 9. Nc3 Nf6 10. 0-0 Be6 11. b3 Qc7 12. Ne1 Rc8 13. Bd2 Be7 14. Nc2 0-0 15. Ne3 Qc6 16. Rac1 Bd8 17. Ncd5 Re8 18. Rc2 g6 19. Bb4 Be7 20. Nxf6+ Bxf6 21. Bxd6 Red8 22. c5 Be7 23. Rd1 Rd7 24. h3 Rcd8 25. Nd5 Kh7 26. Bxe7 1-0

[Event "Mumbai Wealth op 4th"]
[Site "Mumbai"]
[Date "2019.01.04"]
[Round "6"]
[White "Surendran, N."]
[Black "Raahul, VS."]
[Result "1-0"]
[WhiteElo "2176"]
[BlackElo "2381"]
[PlyCount "59"]
[EventDate "2018.12.30"]
[EventType "swiss"]
[EventRounds "9"]
[EventCountry "IND"]
[SourceTitle "CBM 188 Extra"]
[Source "ChessBase"]
[SourceDate "2019.02.26"]
[SourceVersion "1"]
[SourceVersionDate "2019.02.26"]
[SourceQuality "1"]

1. d4 Nf6 2. Nf3 g6 3. c4 Bg7 4. Nc3 0-0 5. e4 d6 6. Be2 e5 7. 0-0 Nc6 8. d5 Ne7 9. Ne1 Nd7 10. Be3 f5 11. f3 f4 12. Bf2 g5 13. Rc1 h5 14. c5 dxc5 15. Nd3 b6 16. b4 cxb4 17. Nb5 Nf6 18. Nxc7 Rb8 19. Nxb4 Bb7 20. d6 Nc8 21. Qb3+ Kh8 22. Ne6 Qxd6 23. Rfd1 Qe7 24. Rc7 Qe8 25. Nxg7 Qg6 26. Ne6 Rg8 27. Nd8 Nd6 28. Rxd6 Rbxd8 29. Rxd8 Rxd8 30. Rxb7 1-0

[Event "IND-ch 56th"]
[Site "Jammu"]
[Date "2018.12.11"]
[Round "5"]
[White "Surendran, N."]
[Black "Karthikeyan, Pandian"]
[Result "0-1"]
[WhiteElo "2176"]
[BlackElo "2482"]
[PlyCount "75"]
[EventDate "2018.12.08"]
[EventType "swiss"]
[EventRounds "13"]
[EventCountry "IND"]
[SourceTitle "CBM 187 Extra"]
[Source "ChessBase"]
[SourceDate "2018.11.04"]
[SourceVersion "1"]
[SourceVersionDate "2018.11.04"]
[SourceQuality "1"]

1. d4 Nf6 2. Nf3 e6 3. c4 b6 4. a3 Ba6 5. Qb3 Be7 6. Nc3 0-0 7. e4 d6 8. Qc2 Nfd7 9. Be3 c5 10. d5 Bf6 11. dxe6 fxe6 12. Rd1 Ne5 13. Nb5 Nxf3+ 14. gxf3 Qe7 15. Qd2 Rd8 16. Be2 Nc6 17. 0-0 Rd7 18. Kh1 Bb7 19. Rg1 a6 20. Nc3 Nd4 21. Na4 Qd8 22. Rg2 d5 23. cxd5 exd5 24. Bxd4 Bxd4 25. Nc3 dxe4 26. Nxe4 Kh8 27. Ng5 Qf6 28. Ne4 Qe5 29. Qc2 Rf8 30. b3 Re7 31. Rdg1 g6 32. a4 Bxf2 33. Rg5 Qxe4 34. fxe4 Bxe4+ 35. Qxe4 Rxe4 36. Bd3 Re3 37. Rd1 Rd8 38. Bc2 0-1

[Event "Goa op 1st"]
[Site "Taleigao"]
[Date "2018.10.14"]
[Round "2"]
[White "Surendran, N."]
[Black "Kravtsiv, Martyn"]
[Result "0-1"]
[WhiteElo "2210"]
[BlackElo "2654"]
[PlyCount "66"]
[EventDate "2018.10.13"]
[EventType "swiss"]
[EventRounds "10"]
[EventCountry "IND"]
[SourceTitle "CBM 186 Extra"]
[Source "ChessBase"]
[SourceDate "2018.08.24"]
[SourceVersion "1"]
[SourceVersionDate "2018.08.24"]
[SourceQuality "1"]

1. d4 Nf6 2. Nf3 e6 3. c4 d5 4. Nc3 Nbd7 5. Bg5 Bb4 6. Qb3 c5 7. cxd5 exd5 8. dxc5 Qa5 9. a3 Bxc3+ 10. Qxc3 Qxc3+ 11. bxc3 Ne4 12. Be3 Ndxc5 13. Bd4 0-0 14. e3 Be6 15. Rb1 Rfc8 16. Be2 a6 17. 0-0 b5 18. Bd1 Bg4 19. Rb2 Ne6 20. h3 Nxd4 21. cxd4 Bxf3 22. Bxf3 Nc3 23. Be2 Kf8 24. Bd3 Rc6 25. f3 Na4 26. Rb3 Rac8 27. Kf2 Rc1 28. Rxc1 Rxc1 29. e4 g6 30. Ke3 Rg1 31. g4 dxe4 32. Kxe4 Ke7 33. d5 Nc5+ 0-1

[Event "Gujarat op 1st"]
[Site "Ahmedabad"]
[Date "2018.10.09"]
[Round "7"]
[White "Surendran, N."]
[Black "Rahul, Srivatshav P"]
[Result "0-1"]
[WhiteElo "2210"]
[BlackElo "2395"]
[PlyCount "60"]
[EventDate "2018.10.05"]
[EventType "swiss"]
[EventRounds "10"]
[EventCountry "IND"]
[SourceTitle "CBM 186 Extra"]
[Source "ChessBase"]
[SourceDate "2018.08.24"]
[SourceVersion "1"]
[SourceVersionDate "2018.08.24"]
[SourceQuality "1"]

1. d4 Nf6 2. Nf3 g6 3. c4 Bg7 4. g3 0-0 5. Bg2 d6 6. 0-0 c6 7. Nc3 Qa5 8. e4 e5 9. h3 Nbd7 10. d5 cxd5 11. cxd5 b5 12. Nd2 b4 13. Nb3 Qc7 14. Nb1 a5 15. a4 bxa3 16. Rxa3 a4 17. Na1 Ba6 18. Re1 Nc5 19. Ree3 Bh6 20. Rec3 Bxc1 21. Qxc1 Qb6 22. Nd2 Rfb8 23. b3 Nd3 24. Qf1 Qd4 25. bxa4 Nf4 26. Nc4 Nxg2 27. Kxg2 Nxe4 28. Nc2 Qxd5 29. N2e3 Qc6 30. Rc2 Nd2+ 0-1

[Event "Gujarat op 1st"]
[Site "Ahmedabad"]
[Date "2018.10.08"]
[Round "5"]
[White "Surendran, N."]
[Black "Neelotpal, Das"]
[Result "1/2-1/2"]
[WhiteElo "2210"]
[BlackElo "2436"]
[PlyCount "72"]
[EventDate "2018.10.05"]
[EventType "swiss"]
[EventRounds "10"]
[EventCountry "IND"]
[SourceTitle "CBM 186 Extra"]
[Source "ChessBase"]
[SourceDate "2018.08.24"]
[SourceVersion "1"]
[SourceVersionDate "2018.08.24"]
[SourceQuality "1"]

1. d4 Nf6 2. Nf3 e6 3. c4 d5 4. Nc3 a6 5. cxd5 exd5 6. Bg5 Be6 7. Qb3 Nbd7 8. e3 Rb8 9. Be2 Bd6 10. 0-0 0-0 11. Rac1 Re8 12. Rfd1 c6 13. h3 h6 14. Bxf6 Qxf6 15. Na4 g5 16. Nc5 Nxc5 17. dxc5 Bc7 18. Qc3 Qg6 19. Bd3 Qh5 20. Be2 Bxh3 21. gxh3 Qxh3 22. Qc2 Re4 23. Rd4 Rbe8 24. Qd1 Rxd4 25. exd4 Qg4+ 26. Kf1 Qh3+ 27. Kg1 Re4 28. Ne5 Qh4 29. Ng4 f5 30. Bf3 Rxg4+ 31. Bxg4 Qh2+ 32. Kf1 Qh1+ 33. Ke2 Qe4+ 34. Kf1 Qh1+ 35. Ke2 Qe4+ 36. Kf1 Qh1+ 1/2-1/2

[Event "Gujarat op 1st"]
[Site "Ahmedabad"]
[Date "2018.10.07"]
[Round "4"]
[White "Prajesh, R."]
[Black "Surendran, N."]
[Result "0-1"]
[WhiteElo "1953"]
[BlackElo "2210"]
[PlyCount "76"]
[EventDate "2018.10.05"]
[EventType "swiss"]
[EventRounds "10"]
[EventCountry "IND"]
[SourceTitle "CBM 186 Extra"]
[Source "ChessBase"]
[SourceDate "2018.08.24"]
[SourceVersion "1"]
[SourceVersionDate "2018.08.24"]
[SourceQuality "1"]

1. d4 Nf6 2. c4 e6 3. Nc3 Bb4 4. Nf3 d5 5. Qa4+ Nc6 6. e3 0-0 7. Qc2 Qe7 8. Bd2 dxc4 9. Bxc4 a6 10. a3 Bd6 11. h3 e5 12. d5 Nb8 13. e4 Nbd7 14. 0-0 Re8 15. b4 Nf8 16. Rfc1 Ng6 17. Bf1 h6 18. Be3 Nh5 19. Na4 Qf6 20. Qd1 Ngf4 21. g4 Qg6 22. Nh4 Qg5 23. Nf3 Qg6 24. Nh4 Qg5 25. Nf3 Bxg4 26. hxg4 Qxg4+ 27. Kh1 Nf6 28. Nh2 Qg6 29. f3 N6h5 30. Bxf4 exf4 31. Bg2 f5 32. Nc5 Be5 33. Ra2 Qf6 34. Nf1 Bd4 35. Bh3 Bxc5 36. Rxc5 Qh4 37. Rh2 Ng3+ 38. Nxg3 fxg3 0-1

[Event "Bhubaneswar op 11th"]
[Site "Bhubaneswar"]
[Date "2018.05.31"]
[Round "9.10"]
[White "Surendran, N."]
[Black "Neverov, Valeriy"]
[Result "1/2-1/2"]
[WhiteElo "2114"]
[BlackElo "2496"]
[PlyCount "146"]
[EventDate "2018.05.25"]
[EventType "swiss"]
[EventRounds "10"]
[EventCountry "IND"]
[SourceTitle "CBM 184 Extra"]
[Source "ChessBase"]
[SourceDate "2018.06.28"]
[SourceVersion "1"]
[SourceVersionDate "2018.06.28"]
[SourceQuality "1"]

1. d4 Nf6 2. Nf3 e6 3. c4 b6 4. a3 Bb7 5. Nc3 Ne4 6. Qc2 Nxc3 7. Qxc3 Be7 8. g3 Bf6 9. Qd3 d5 10. c5 0-0 11. Bg2 bxc5 12. Qb5 Qc8 13. Qxc5 Nd7 14. Qc2 c5 15. Be3 cxd4 16. Qxc8 Rfxc8 17. Bxd4 e5 18. Bh3 exd4 19. Bxd7 Rc2 20. Bf5 Rxb2 21. Bd3 a5 22. 0-0 Ba6 23. Rfd1 Rxe2 24. Rab1 h5 25. Bxa6 Rxa6 26. Rb5 Ra2 27. Rd3 Be7 28. Rxd4 Rxa3 29. Kg2 Rd6 30. Ne5 Bf6 31. Rdxd5 Rxd5 32. Rxd5 Bxe5 33. Rxe5 g6 34. h4 Kg7 35. Rb5 a4 36. Ra5 Ra1 37. Ra6 a3 38. Kf3 Kf8 39. Ra7 f6 40. Kg2 Ke8 41. Kf3 Kd8 42. Kg2 Kc8 43. Ra6 Kb7 44. Ra4 Kb6 45. Ra8 Kb5 46. Rb8+ Kc6 47. Ra8 f5 48. Kf3 Kc5 49. Kf4 Kb4 50. Kg5 Rc1 51. Rb8+ Kc3 52. Rc8+ Kb2 53. Rb8+ Kc2 54. Ra8 Kb2 55. Kxg6 Rf1 56. Kxh5 Rxf2 57. Kg5 a2 58. Rb8+ Kc1 59. Ra8 Kb1 60. h5 a1Q 61. Rxa1+ Kxa1 62. h6 Kb2 63. h7 Rh2 64. Kxf5 Rxh7 65. g4 Rf7+ 66. Ke5 Rg7 67. Kf5 Kc3 68. g5 Kd4 69. Kf6 Ra7 70. g6 Ra6+ 71. Kf7 Ke5 72. g7 Ra7+ 73. Kg6 Rxg7+ 1/2-1/2

[Event "Bhubaneswar op 11th"]
[Site "Bhubaneswar"]
[Date "2018.05.26"]
[Round "2"]
[White "Pruijssers, Roeland"]
[Black "Surendran, N."]
[Result "1/2-1/2"]
[WhiteElo "2519"]
[BlackElo "2114"]
[PlyCount "100"]
[EventDate "2018.05.25"]
[EventType "swiss"]
[EventRounds "10"]
[EventCountry "IND"]
[SourceTitle "CBM 184 Extra"]
[Source "ChessBase"]
[SourceDate "2018.06.28"]
[SourceVersion "1"]
[SourceVersionDate "2018.06.28"]
[SourceQuality "1"]

1. c4 Nf6 2. g3 e6 3. Bg2 d5 4. Nf3 dxc4 5. Qa4+ Nbd7 6. Qxc4 a6 7. Qb3 c5 8. a4 Qc7 9. d3 Rb8 10. a5 Bd6 11. Nc3 0-0 12. 0-0 h6 13. Nd2 Ne5 14. Nde4 Nxe4 15. Nxe4 Nc6 16. Be3 b6 17. Qc3 Nd4 18. Bxd4 cxd4 19. Qxd4 Be5 20. axb6 Rxb6 21. Qc5 Qxc5 22. Nxc5 Rxb2 23. e3 Bd6 24. Rfc1 Rd8 25. d4 Kf8 26. Bf1 Rb6 27. Ra5 Ke7 28. Bxa6 Bxc5 29. Bxc8 Bd6 30. h4 Rb8 31. Ra7+ Kf8 32. Ba6 Ra8 33. Rxa8 Rxa8 34. Rc6 Ke7 35. Be2 Ra5 36. Rb6 h5 37. Rb7+ Kf8 38. Rd7 Be7 39. e4 g6 40. Bc4 Ra4 41. Bb5 Rb4 42. Bc6 Rc4 43. d5 Rxe4 44. d6 Re1+ 45. Kg2 Bf6 46. Rc7 Rd1 47. d7 Bd8 48. Rc8 Ke7 49. Kf3 Rd6 50. Ke4 Rd2 1/2-1/2

[Event "Dubai op 20th"]
[Site "Dubai"]
[Date "2018.04.02"]
[Round "1"]
[White "Surendran, N."]
[Black "Christiansen, Johan Sebastian"]
[Result "0-1"]
[WhiteElo "2088"]
[BlackElo "2498"]
[PlyCount "61"]
[EventDate "2018.04.02"]
[EventType "swiss"]
[EventRounds "9"]
[EventCountry "UAE"]
[SourceTitle "CBM 183 Extra"]
[Source "ChessBase"]
[SourceDate "2018.04.19"]
[SourceVersion "1"]
[SourceVersionDate "2018.04.19"]
[SourceQuality "1"]

1. Nf3 d5 2. g3 Bg4 3. Bg2 c6 4. 0-0 e6 5. d4 Nf6 6. Nbd2 Be7 7. c3 0-0 8. Re1 Nbd7 9. e4 dxe4 10. Nxe4 e5 11. dxe5 Bxf3 12. Qxf3 Nxe5 13. Qf5 Nfg4 14. Rf1 g6 15. Qf4 f5 16. Ng5 Bxg5 17. Qxg5 Qxg5 18. Bxg5 h6 19. Bd2 Rad8 20. Rad1 Nd3 21. Rb1 Ndxf2 22. Bxh6 Nxh6 23. Rxf2 Rfe8 24. Bf3 Re3 25. Rd1 Rxd1+ 26. Bxd1 Re1+ 27. Rf1 Rxf1+ 28. Kxf1 Kf7 29. Kf2 Kf6 30. h3 Ke5 31. Ke3 0-1